000 00619nam a2200241Ia 4500
003 OSt
005 20221005123402.0
006 a|||||r|||| 00| 0
007 ta
008 221004b |||||||| |||| 00| 0 eng d
024 _a55094
037 _cTextual
040 _aCRL
_cCRL
_beng
041 _2eng
_aeng
082 _aO121,1G65,PA:g, M6
100 _aAlighieri Dante
245 0 _aLectura Dantis Modenese
_b Paradiso
260 _c1986
300 _a291p.
_ccm.
650 _aENGLISH LITERATURE
942 _hO121,1G65,PA:g, M6
_cTEXL
_2cc
999 _c1047271
_d1047271